Our children / (Record no. 128999)

MARC details
000 -LEADER
fixed length control field 00711nam a22002417a 4500
003 - CONTROL NUMBER IDENTIFIER
control field dpl
005 - DATE AND TIME OF LATEST TRANSACTION
control field 20180611130923.0
008 - FIXED-LENGTH DATA ELEMENTS--GENERAL INFORMATION
fixed length control field 180611b xxu||||| |||| 00| 0 eng d
010 ## - LIBRARY OF CONGRESS CONTROL NUMBER
LC control number A-045922
020 ## - INTERNATIONAL STANDARD BOOK NUMBER
Terms of availability 00.00
035 ## - SYSTEM CONTROL NUMBER
System control number A-045922, A-045930
037 ## - SOURCE OF ACQUISITION
Source of stock number/acquisition Cen Lib/Ret
040 ## - CATALOGING SOURCE
Original cataloging agency DPL
Language of cataloging EN
Transcribing agency 0
082 ## - DEWEY DECIMAL CLASSIFICATION NUMBER
Classification number 649.1
Item number WIL
100 ## - MAIN ENTRY--PERSONAL NAME
Personal name Williams, Flora H.
9 (RLIN) 25068
245 ## - TITLE STATEMENT
Title Our children /
Statement of responsibility, etc by Flora H. Williams
260 ## - PUBLICATION, DISTRIBUTION, ETC. (IMPRINT)
Name of publisher, distributor, etc Oriental Watchman Publishing House
Date of publication, distribution, etc 1979
Place of publication, distribution, etc India
270 ## - ADDRESS
City Poona
Address Salisbury Park
300 ## - PHYSICAL DESCRIPTION
Extent 251p. :
Dimensions 23cm(Hb)
Other physical details .ill.
650 ## - SUBJECT ADDED ENTRY--TOPICAL TERM
Topical term or geographic name as entry element Child rearing--Psychological aspects
9 (RLIN) 25069
650 ## - SUBJECT ADDED ENTRY--TOPICAL TERM
Topical term or geographic name as entry element Child rearing
9 (RLIN) 5183
942 ## - ADDED ENTRY ELEMENTS (KOHA)
Source of classification or shelving scheme Dewey Decimal Classification
Koha item type English Books
Classification part 649.1
Call number suffix WIL
Holdings
Withdrawn status Lost status Damaged status Not for loan Home library Current library Date acquired Source of acquisition Cost, normal purchase price Total Checkouts Full call number Barcode Date last seen Copy number Cost, replacement price Price effective from Koha item type Public note Source of classification or shelving scheme Collection code
Written off       Central Library Central Library 04/07/2015 Cen Lib/Ret 0.00   649.1 WIL A-045922 04/07/2015 1 0.00 04/07/2015 English Books W/d List No. 6863/ 9 ; dtd 06/08/2020    
        Shahdara Branch Shahdara Branch 11/06/2018 BPPD/PUB 0.00   649.1 WIL A-045930 11/06/2018   0.00 11/06/2018 English Books   Dewey Decimal Classification Non-fiction

© Delhi Public Library
Hit Counter
free hit counter